<?xml version="1.0" encoding="UTF-8"?>
<record
    xmlns:xsi="http://www.w3.org/2001/XMLSchema-instance"
    xsi:schemaLocation="http://www.loc.gov/MARC21/slim http://www.loc.gov/standards/marcxml/schema/MARC21slim.xsd"
    xmlns="http://www.loc.gov/MARC21/slim">

  <leader>02990cam a2200337 i 4500</leader>
  <controlfield tag="001">10618891</controlfield>
  <controlfield tag="003">CaAEU</controlfield>
  <controlfield tag="005">20251029135051.0</controlfield>
  <controlfield tag="008">231107t20242024fr            000 f fre c</controlfield>
  <datafield tag="020" ind1=" " ind2=" ">
    <subfield code="a">9782702185179</subfield>
  </datafield>
  <datafield tag="035" ind1=" " ind2=" ">
    <subfield code="a">on1416871652</subfield>
  </datafield>
  <datafield tag="040" ind1=" " ind2=" ">
    <subfield code="a">AUXAM</subfield>
    <subfield code="b">eng</subfield>
    <subfield code="e">rda</subfield>
    <subfield code="c">AUXAM</subfield>
    <subfield code="d">TJC</subfield>
    <subfield code="d">NOC</subfield>
    <subfield code="d">OCLCO</subfield>
    <subfield code="d">C3L</subfield>
    <subfield code="d">QGK</subfield>
    <subfield code="d">VP@</subfield>
    <subfield code="d">UAB</subfield>
    <subfield code="d">AEU</subfield>
  </datafield>
  <datafield tag="041" ind1=" " ind2=" ">
    <subfield code="a">fre</subfield>
  </datafield>
  <datafield tag="042" ind1=" " ind2=" ">
    <subfield code="a">pcc</subfield>
  </datafield>
  <datafield tag="050" ind1=" " ind2="4">
    <subfield code="a">PQ2716.E74</subfield>
    <subfield code="b">I56 2024</subfield>
  </datafield>
  <datafield tag="100" ind1=" " ind2=" ">
    <subfield code="a">Peretti, Camille de</subfield>
    <subfield code="e">author</subfield>
    <subfield code="9">26356</subfield>
  </datafield>
  <datafield tag="245" ind1="1" ind2="2">
    <subfield code="a">L'inconnue du portrait</subfield>
    <subfield code="b">: roman</subfield>
    <subfield code="c">/ Camille de Peretti.</subfield>
  </datafield>
  <datafield tag="260" ind1=" " ind2=" ">
    <subfield code="a">Paris :</subfield>
    <subfield code="b">Calmann-L&#xE9;vy,</subfield>
    <subfield code="c">2024.</subfield>
  </datafield>
  <datafield tag="300" ind1=" " ind2=" ">
    <subfield code="a">357 pages ;</subfield>
    <subfield code="c">22 cm</subfield>
  </datafield>
  <datafield tag="520" ind1="8" ind2=" ">
    <subfield code="a">'La toile vibrait de beaut&#xE9;. Elle en avait le souffle coup&#xE9; et se noyait dans l'oeil bleu ciel piquet&#xE9; de vert. Est-ce qu'elle &#xE9;tait r&#xE9;ellement le sosie de cette inconnue ?' Peint &#xE0; Vienne en 1910, le tableau de Gustav Klimt Portrait d'une dame est achet&#xE9; par un collectionneur anonyme en 1916, retouch&#xE9; par le ma&#xEE;tre un an plus tard, puis vol&#xE9; en 1997, avant de r&#xE9;appara&#xEE;tre en 2019 dans les jardins d'un mus&#xE9;e d'art moderne en Italie. Aucun expert en art, aucun conservateur de mus&#xE9;e, aucun enqu&#xEA;teur de police ne sait qui &#xE9;tait la jeune femme repr&#xE9;sent&#xE9;e sur le tableau, ni quels myst&#xE8;res entourent l'histoire mouvement&#xE9;e de son portrait. Des rues de Vienne en 1900 au Texas des ann&#xE9;es 1980, du Manhattan de la Grande D&#xE9;pression &#xE0; l'Italie contemporaine, Camille de Peretti imagine la destin&#xE9;e de cette jeune femme, ainsi que celles de ses descendants. Une fresque magistrale o&#xF9; se m&#xEA;lent secrets de familles, succ&#xE8;s &#xE9;clatants, amours contrari&#xE9;es, disparitions et drames retentissants.</subfield>
  </datafield>
  <datafield tag="520" ind1="8" ind2=" ">
    <subfield code="a">&#x201C;The canvas shimmered with beauty. It took her breath away, and she drowned in that sky-blue eye flecked with green. Was she really the double of this unknown woman?&#x201D;

Painted in Vienna in 1910, Gustav Klimt&#x2019;s Portrait of a Lady was purchased by an anonymous collector in 1916, retouched by the master a year later, then stolen in 1997&#x2014;before mysteriously resurfacing in 2019 in the gardens of a modern art museum in Italy. No art expert, museum curator, or police investigator knows who the young woman in the portrait was, nor what secrets lie behind the painting&#x2019;s turbulent history.

From the streets of Vienna in 1900 to Texas in the 1980s, from Depression-era Manhattan to contemporary Italy, Camille de Peretti imagines the fate of this young woman and that of her descendants. A sweeping saga woven with family secrets, dazzling successes, doomed love affairs, disappearances, and resounding tragedies.</subfield>
  </datafield>
  <datafield tag="600" ind1=" " ind2="0">
    <subfield code="a">Klimt, Gustav</subfield>
    <subfield code="d">1862-1918</subfield>
    <subfield code="t">Portrait of a Lady</subfield>
    <subfield code="v">Fiction</subfield>
    <subfield code="9">26357</subfield>
  </datafield>
  <datafield tag="650" ind1=" " ind2="0">
    <subfield code="a">Artists' models</subfield>
    <subfield code="v">Fiction</subfield>
    <subfield code="9">26358</subfield>
  </datafield>
  <datafield tag="650" ind1=" " ind2="0">
    <subfield code="a">Shoe shiners</subfield>
    <subfield code="v">Fiction</subfield>
    <subfield code="9">26359</subfield>
  </datafield>
  <datafield tag="650" ind1=" " ind2="0">
    <subfield code="a">Illegitimate children</subfield>
    <subfield code="v">Fiction</subfield>
    <subfield code="9">24142</subfield>
  </datafield>
  <datafield tag="650" ind1=" " ind2="0">
    <subfield code="a">Art thefts</subfield>
    <subfield code="v">Fiction</subfield>
    <subfield code="9">26360</subfield>
  </datafield>
  <datafield tag="651" ind1=" " ind2="0">
    <subfield code="a">United States</subfield>
    <subfield code="v">Fiction</subfield>
    <subfield code="9">26361</subfield>
  </datafield>
  <datafield tag="651" ind1=" " ind2="0">
    <subfield code="a">Italy</subfield>
    <subfield code="v">Fiction</subfield>
    <subfield code="9">26362</subfield>
  </datafield>
  <datafield tag="651" ind1=" " ind2="0">
    <subfield code="a">Vienna (Austria)</subfield>
    <subfield code="v">Fiction</subfield>
    <subfield code="9">26363</subfield>
  </datafield>
  <datafield tag="942" ind1=" " ind2=" ">
    <subfield code="2">lcc</subfield>
  </datafield>
  <datafield tag="952" ind1=" " ind2=" ">
    <subfield code="0">0</subfield>
    <subfield code="1">0</subfield>
    <subfield code="2">lcc</subfield>
    <subfield code="4">0</subfield>
    <subfield code="7">0</subfield>
    <subfield code="a">TBS</subfield>
    <subfield code="b">TBS</subfield>
    <subfield code="d">2025-10-29</subfield>
    <subfield code="l">0</subfield>
    <subfield code="o">P-FR PER</subfield>
    <subfield code="p">B06047</subfield>
    <subfield code="r">2025-10-29</subfield>
    <subfield code="t">1</subfield>
    <subfield code="w">2025-10-29</subfield>
    <subfield code="y">1</subfield>
  </datafield>
  <datafield tag="999" ind1=" " ind2=" ">
    <subfield code="c">5117</subfield>
    <subfield code="d">5117</subfield>
  </datafield>
</record>
